[Event "Barcelona op-B"]
[Site "Barcelona"]
[Date "1998.??.??"]
[Round "3"]
[White "Casellas Boix, Josep"]
[Black "Lorda Ximenez, Tomas"]
[Result "0-1"]
[WhiteElo "1985"]
[BlackElo "2050"]
[PlyCount "92"]
[EventDate "1998.??.??"]
[EventType "swiss"]
[EventRounds "8"]
[EventCountry "ESP"]
[SourceTitle "EXT 2019"]
[Source "ChessBase"]
[SourceDate "2018.10.10"]
[SourceVersion "1"]
[SourceVersionDate "2018.10.10"]
[SourceQuality "1"]

1. c4 c6 2. Nc3 d5 3. cxd5 cxd5 4. d4 e6 5. e3 Nf6 6. Bd3 Nc6 7. a3 a6 8. Nge2 Bd6 9. b4 b5 10. Bd2 Bd7 11. 0-0 Ng4 12. f4 f5 13. Qe1 0-0 14. h3 Nf6 15. Rc1 Rc8 16. Rc2 Ne4 17. Bxe4 dxe4 18. Nc1 Ne7 19. Nb3 Nd5 20. Nc5 a5 21. Nxd5 exd5 22. Nb7 Qb6 23. Rxc8 Rxc8 24. Nxa5 Rc2 25. Nb3 Qa7 26. Nc5 Bxc5 27. dxc5 Qxa3 28. Qe2 Qxb4 29. Bxb4 Rxe2 30. Ra1 Rxe3 31. Ra8+ Kf7 32. Ra7 Rb3 33. Be1 Rb1 34. Kf1 Ke8 35. Ke2 d4 36. Ra8+ Kf7 37. Bh4 Bc6 38. Ra7+ Ke6 39. Re7+ Kd5 40. Re5+ Kc4 41. Rxf5 Rb2+ 42. Kf1 e3 43. Re5 Bxg2+ 44. Kg1 Bf3 45. c6 Rg2+ 46. Kf1 Rh2 0-1

[Event "Barcelona op-B"]
[Site "Barcelona"]
[Date "1998.??.??"]
[Round "4"]
[White "Lorda Ximenez, Tomas"]
[Black "Godesard Forgas, Carles"]
[Result "1/2-1/2"]
[WhiteElo "2050"]
[BlackElo "2035"]
[PlyCount "25"]
[EventDate "1998.??.??"]
[EventType "swiss"]
[EventRounds "8"]
[EventCountry "ESP"]
[SourceTitle "EXT 2019"]
[Source "ChessBase"]
[SourceDate "2018.10.10"]
[SourceVersion "1"]
[SourceVersionDate "2018.10.10"]
[SourceQuality "1"]

1. e4 c5 2. Nf3 d6 3. d4 cxd4 4. Nxd4 Nf6 5. Nc3 g6 6. Be3 Bg7 7. Be2 0-0 8. f3 Nc6 9. Qd2 d5 10. Nxc6 bxc6 11. e5 Ne8 12. f4 f6 13. 0-0 1/2-1/2

[Event "Barcelona op-B"]
[Site "Barcelona"]
[Date "1998.??.??"]
[Round "1"]
[White "Mansilla Lou, Lluis"]
[Black "Lorda Ximenez, Tomas"]
[Result "0-1"]
[WhiteElo "1970"]
[BlackElo "2050"]
[PlyCount "78"]
[EventDate "1998.??.??"]
[EventType "swiss"]
[EventRounds "8"]
[EventCountry "ESP"]
[SourceTitle "EXT 2019"]
[Source "ChessBase"]
[SourceDate "2018.10.10"]
[SourceVersion "1"]
[SourceVersionDate "2018.10.10"]
[SourceQuality "1"]

1. d4 d5 2. Nf3 c6 3. e3 Bg4 4. Nbd2 e6 5. Bd3 Qc7 6. h3 Bh5 7. 0-0 Nf6 8. c4 Nbd7 9. Qb3 Bg6 10. Be2 Be7 11. Ne5 Nxe5 12. dxe5 Nd7 13. f4 Nc5 14. Qc3 Ne4 15. Nxe4 Bxe4 16. cxd5 Bxd5 17. Bd3 Qb6 18. Kh2 c5 19. e4 Bc6 20. f5 Qc7 21. Bf4 0-0-0 22. Rad1 Rd4 23. Be3 Rhd8 24. Bxd4 cxd4 25. Qc2 Qxe5+ 26. g3 Bd6 27. Rg1 Kb8 28. Qe2 Re8 29. Qf3 h6 30. Rgf1 exf5 31. Qf4 Qxf4 32. gxf4 fxe4 33. Bc4 d3 34. Kg3 f5 35. a3 g5 36. Bf7 Re7 37. Bg6 Bxf4+ 38. Rxf4 gxf4+ 39. Kxf4 e3 0-1